Drapeaux des provinces de Bretagne - Statistiques

Statistiques générales
  • Ce quiz a été pris 23 fois
  • Le résultat moyen est 6 sur 9
Statistiques - réponses
Par images Réponse % Correct
Léon/Bro-Leon
89%
Pays de Saint-Malo/Bro-Sant-Maloù
84%
Trégor/Bro-Dreger
79%
Cornouaille/Bro-Gernev
74%
Pays de Dol/Bro-Zol
68%
Pays de Rennes/Bro-Roazhon
63%
Vannetais/Bro-Wened
63%
Pays de Saint Brieuc/Bro-Sant-Brieg
58%
Pays de Nantes/Bro-Naoned
53%
Aucun quiz correspondant
Distribution des résultats
% des personnes avec chaque résultat
Percentile par nombre de réponses
Votre historique - résultats
Vous n’avez pas pris ce quiz